Music Quiz

Random Music or Song Quiz

Spooky Beatles Quiz Stats

 Plays Quiz Updated Oct 28, 2018

Score 0/25 Timer 05:00
0 Plays Today
% Correct
Strawberry Fields Forever
86%
Hey Jude
84.6%
Come Together
81.5%
Eleanor Rigby
80.1%
Back in the USSR
74.8%
Here Comes the Sun
74.5%
A Day In The Life
74.2%
Lucy in the Sky with Diamonds
73.7%
Blackbird
72.8%
Help!
70.8%
All My Loving
67.2%
In My Life
66.9%
I Am the Walrus
66.8%
% Correct
Maxwell's Silver Hammer
64%
The Long and Winding Road
62.2%
Paperback Writer
55.4%
While My Guitar Gently Weeps
53.1%
Polythene Pam
52.5%
Mean Mr. Mustard
51.7%
Run for Your Life
50.5%
Taxman
45.2%
She Came in Through the Bathroom Window
45.2%
Getting Better
44.4%
Lovely Rita
43.9%
Ballad of John and Yoko
39.4%

You're not logged in!

Compare scores with friends on all Sporcle quizzes.
OR
Log In

You Might Also Like...

Show Comments

Extras

Top Quizzes Today


Score Distribution

Your Account Isn't Verified!

In order to create a playlist on Sporcle, you need to verify the email address you used during registration. Go to your Sporcle Settings to finish the process.

Report this User

Report this user for behavior that violates our Community Guidelines.

Details: